| Tag |
First Indicator |
Second Indicator |
Subfields |
| LEADER |
00000cam a2200000Ia 4500 |
| 001 |
in00002476310 |
| 005 |
20151111044057.0 |
| 008 |
071208s2008 gw a 000 0 eng d |
| 020 |
|
|
|a 9783865216441
|
| 020 |
|
|
|a 3865216447
|
| 029 |
1 |
|
|a OHX
|b har085006406
|
| 029 |
1 |
|
|a BWX
|b R8794605
|
| 035 |
|
|
|a (OCoLC)ocn183263633
|
| 035 |
|
|
|a (OCoLC)183263633
|
| 040 |
|
|
|a BTCTA
|c BTCTA
|d BAKER
|d YDXCP
|d OHX
|d KNJ
|d BWX
|d OCLCQ
|d TXA
|d UtOrBLW
|
| 049 |
|
|
|a TXAM
|
| 050 |
|
4 |
|a TR681.F3
|b L33 2008
|
| 082 |
0 |
4 |
|a 779.2
|
| 100 |
1 |
|
|a Lacombe, Brigitte.
|
| 245 |
1 |
0 |
|a Lacombe :
|b anima/persona /
|c [essay by Frank Rich ; creative director, Pascal Dangin ; edited by Janet Johnson].
|
| 250 |
|
|
|a 1st ed.
|
| 264 |
|
1 |
|a Göttingen :
|b Steidl,
|c 2008.
|
| 300 |
|
|
|a 192 pages :
|b illustrations (some color) ;
|c 37 cm.
|
| 336 |
|
|
|a text
|b txt
|2 rdacontent
|
| 337 |
|
|
|a unmediated
|b n
|2 rdamedia
|
| 338 |
|
|
|a volume
|b nc
|2 rdacarrier
|
| 600 |
1 |
0 |
|a Lacombe, Brigitte.
|
| 650 |
|
0 |
|a Portrait photography.
|
| 650 |
|
0 |
|a Celebrities
|v Portraits.
|
| 700 |
1 |
|
|a Rich, Frank.
|
| 700 |
1 |
|
|a Johnson, Janet.
|
| 938 |
|
|
|a Baker and Taylor
|b BTCP
|n BK0007549832
|
| 938 |
|
|
|a Baker & Taylor
|b BKTY
|c 90.00
|d 67.50
|i 3865216447
|n 0007549832
|s active
|
| 938 |
|
|
|a YBP Library Services
|b YANK
|n 2772236
|
| 938 |
|
|
|a Otto Harrassowitz
|b HARR
|n har085006406
|
| 938 |
|
|
|a Blackwell Book Service
|b BBUS
|n R8794605
|c $95.00
|
| 945 |
|
|
|a PromptCat
|b 759087
|
| 946 |
|
|
|a stk
|
| 947 |
|
|
|a A14839929050
|
| 994 |
|
|
|a C0
|b TXA
|
| 948 |
|
|
|a cataloged
|b h
|c 2009/8/17
|d c
|e nbehmer
|f 2:55:37 pm
|
| 999 |
|
|
|a MARS
|
| 999 |
f |
f |
|s ce718da3-8ad2-3b0e-b595-c9bca6fa2911
|i bf2432dd-63cd-3aef-aab1-92b796e270fc
|t 0
|
| 952 |
f |
f |
|p ric
|a Texas A&M University
|b Rellis Campus
|c Joint Library Facility
|d Remote Storage
|t 0
|e TR681.F3 L33 2008
|f Oversize
|h Library of Congress classification
|i unmediated -- volume
|m A14839929050
|
| 998 |
f |
f |
|a TR681.F3 L33 2008
|t 0
|l Remote Storage
|